00760nam a2200205 a 450000100100000000500170001000800410002704000250006808200150009310000310010824000390013924500980017830000140027649000380029053400490032883400380037704900090041595201130042499900170053700002216720200930011618.0100917s1971 sp 000 |bspa d aDO-SdBNPbspacBNPHU axxxbB512M1 aManlio Rossi, Mario94586510aIntroduzione a Berkeleylespañol10aQué ha dicho verdaderamente Berkeley /cMario Manlio Rossi; traducción por Carmen Santos. a211 p. ;. aQué ha dicho verdaderamente;v7 aTítulo original :tIntroduzione a Berkeley aQué ha dicho verdaderamente;t7 aBNGR 001050718MOaGRbGRcCTd2010-09-17iLF1l0oxxx B512Mp22167-10r2020-06-25w2020-06-25y1ZNo se presta c21665d21665